[Event "Wohlen op 3rd"]
[Site "Wohlen"]
[Date "2022.08.19"]
[Round "1"]
[White "Warstat, Michael"]
[Black "Kwiatkowski, Jakub1111"]
[Result "0-1"]
[WhiteElo "1447"]
[BlackElo "1786"]
[PlyCount "50"]
[EventDate "2022.08.19"]
[EventType "swiss"]
[EventRounds "5"]
[EventCountry "SUI"]
[SourceTitle "CBM 210 Extra"]
[Source "ChessBase"]
[SourceDate "2022.11.30"]
[SourceVersion "1"]
[SourceVersionDate "2022.11.30"]
[SourceQuality "1"]

1. e4 c5 2. Nf3 d6 3. d4 cxd4 4. Nxd4 Nf6 5. Nc3 a6 6. Be3 e5 7. Nb3 Be7 8. f3 Be6 9. Be2 0-0 10. 0-0 b5 11. Nd5 Nxd5 12. exd5 Bf5 13. Nd2 Bg6 14. f4 exf4 15. Bxf4 Nd7 16. Nf3 Bf6 17. c3 Rc8 18. Bxd6 Qb6+ 19. Kh1 Qxd6 20. Qd2 Nb6 21. Rad1 Rc5 22. Qe3 Nxd5 23. Qf2 Qc7 24. Nh4 Bxh4 25. Qxh4 Ne3 0-1